书目信息 |
| 题名: |
审计文书写作
|
|
| 作者: | 毛品璋 , 濮业春 主编 | |
| 分册: | ||
| 出版信息: | 北京 中国人民大学出版社 1992.3 |
|
| 页数: | 294页 | |
| 开本: | 20cm | |
| 丛书名: | ||
| 单 册: | ||
| 中图分类: | H152.3 | |
| 科图分类: | 41.2383 | |
| 主题词: | 审计-文书-写作 , 写作-文书-审计 , 文书-审计-写作 | |
| 电子资源: | ||
| ISBN: | 7-300-00962-X | |
| 000 | 00771nam0 2200265 45 | |
| 001 | 0193004561 | |
| 005 | 20070607092907.39 | |
| 010 | @a7-300-00962-X@dCNY14.00 | |
| 092 | @a社科293-101 | |
| 100 | @a19930119d1992 em y0chiy0121 ea | |
| 101 | 0 | @achi |
| 102 | @aCN@b110000 | |
| 105 | @ak z 000yy | |
| 200 | 10 | @a审计文书写作@ASHEN JI WEN SHU XIE ZUO@f毛品璋,濮业春主编@FMAO PIN ZHANG , PU YE CHUN ZHU BIAN |
| 210 | @a北京@c中国人民大学出版社@d1992.3@h1998 | |
| 215 | @a294页@d20cm | |
| 606 | @a审计-文书-写作 | |
| 606 | @a写作-文书-审计 | |
| 606 | @a文书-审计-写作 | |
| 690 | @aH152.3@v三版 | |
| 692 | @a41.2383 | |
| 701 | 0 | @a毛品璋@AMAO PIN ZHANG@4主编 |
| 701 | 0 | @a濮业春@APU YE CHUN@4主编 |
| 801 | 0 | @aCN@bTSSF@c20070607 |
| 905 | @a10447@dH152.3@e390 | |
| 审计文书写作/毛品璋,濮业春主编.-北京:中国人民大学出版社,1992.3(1998) |
| 294页;20cm |
| ISBN 7-300-00962-X:CNY14.00 |
| ● |
| 相关链接 |
|
|
|
|
正题名:审计文书写作
索取号:H152.3/390
 
预约/预借
| 序号 | 登录号 | 条形码 | 馆藏地/架位号 | 状态 | 备注 |
| 1 | 0513490 | 205134905 | 第二样本阅览室/ [索取号:H152.3/390] | 在馆 | |
| 2 | 0513491 | 205134914 | 密集书库/ [索取号:H152.3/390] | 在馆 | |
| 3 | 0513492 | 205134923 | 密集书库/ [索取号:H152.3/390] | 在馆 | |
| 4 | 0513493 | 205134932 | 密集书库/ [索取号:H152.3/390] | 在馆 | |
| 5 | 0513494 | 205134941 | 密集书库/ [索取号:H152.3/390] | 在馆 |